[Event "NATO Chess Championship 2010"]
[Site "Koege"]
[Date "2010.10.19"]
[Round "2.4"]
[White "Sypien, Mateusz"]
[Black "Kiss, József István"]
[Result "0-1"]
[WhiteElo "2265"]
[BlackElo "2105"]
[PlyCount "56"]
[EventDate "2010.??.??"]
[WhiteTeam "POL"]
[BlackTeam "HUN"]

1. e4 c5 2. Nf3 Nf6 3. Nc3 d5 4. Bb5+ Bd7 5. Qe2 d4 6. Nd5 a6 7. Nxf6+ exf6 8.
Bxd7+ Nxd7 9. d3 Bd6 10. O-O O-O 11. c3 Be5 12. Qc2 Rc8 13. Nh4 c4 14. f4 cxd3
15. Qxd3 Nc5 16. Qf3 Bb8 17. Rd1 Re8 18. Be3 Qc7 19. cxd4 Nxe4 20. Qg4 Nd6 21.
Rac1 Qe7 22. Bf2 Rxc1 23. Rxc1 g6 24. d5 Ne4 25. Nf5 Qb4 26. Re1 Ba7 27. Ne3
Nxf2 28. Kxf2 Bxe3+ 0-1

[Event "NATO Chess Championship 2010"]
[Site "Koege"]
[Date "2010.10.19"]
[Round "2.10"]
[White "Franck, Boris"]
[Black "Schott, Guido"]
[Result "1/2-1/2"]
[WhiteElo "2105"]
[BlackElo "2174"]
[PlyCount "58"]
[EventDate "2010.??.??"]
[WhiteTeam "FRA"]
[BlackTeam "GER"]

1. e4 e5 2. Nf3 d6 3. Bc4 Nf6 4. d3 Be7 5. c3 O-O 6. Bb3 Nbd7 7. Nbd2 c6 8. O-O
b5 9. d4 Bb7 10. a4 a6 11. Re1 c5 12. Bc2 cxd4 13. cxd4 Rc8 14. axb5 axb5 15.
Nb3 Qb6 16. Be3 Ng4 17. dxe5 Nxe3 18. Rxe3 Nxe5 19. Nfd4 g6 20. Na5 Nc4 21. Rb3
Nxa5 22. Rxb5 Qc7 23. Rbxa5 Bf6 24. Bb3 Qb6 25. Rb5 Qxd4 26. Rxb7 Rb8 27. Bxf7+
Kg7 28. Rxb8 Rxb8 29. Bd5 Rxb2 1/2-1/2

[Event "NATO Chess Championship 2010"]
[Site "Koege"]
[Date "2010.10.19"]
[Round "2.11"]
[White "Bieluszewski, Piotr"]
[Black "Wagenaar, Harm Theo"]
[Result "1/2-1/2"]
[WhiteElo "2153"]
[BlackElo "2072"]
[PlyCount "112"]
[EventDate "2010.??.??"]
[WhiteTeam "POL"]
[BlackTeam "NED"]

1. e4 d5 2. exd5 Qxd5 3. Nc3 Qa5 4. d4 Nf6 5. Bc4 Bg4 6. f3 Bf5 7. g4 Bg6 8. h4
h6 9. h5 Bh7 10. Nge2 c6 11. Bd2 Qb6 12. Bb3 e6 13. Na4 Qc7 14. Bf4 Bd6 15.
Bxd6 Qxd6 16. Qd2 Nbd7 17. O-O-O O-O-O 18. Kb1 Kb8 19. Qc1 Qc7 20. Nac3 Nb6 21.
Ka1 Nbd5 22. Bxd5 Nxd5 23. Nxd5 exd5 24. Qd2 Rhe8 25. Nc1 Qg3 26. Rhf1 Re7 27.
Rf2 Rde8 28. Kb1 Re3 29. Rdf1 Qf4 30. b3 Qg5 31. Kb2 Qe7 32. Rg2 Re6 33. Rff2
Qf6 34. Kb1 Kc8 35. Rf1 Kb8 36. Qd1 Qe7 37. Qd2 Qf6 38. Rgf2 Ka8 39. Re2 Rxe2
40. Nxe2 Kb8 41. Nf4 Qg5 42. Kb2 Qe7 43. Ng2 Qf6 44. Rf2 Kc8 45. a4 Kb8 46. Qc3
Qd6 47. Rd2 Kc8 48. a5 a6 49. Rf2 Kb8 50. Qd2 Kc8 51. Re2 Rxe2 52. Qxe2 Kd7 53.
Qd2 Qg3 54. Ne1 Qd6 55. f4 Be4 56. g5 Kc8 1/2-1/2

[Event "NATO Chess Championship 2010"]
[Site "Koege"]
[Date "2010.10.19"]
[Round "2.14"]
[White "Ledoux, Jean-Luc"]
[Black "Bucholtz, Robert"]
[Result "0-1"]
[WhiteElo "2084"]
[BlackElo "2139"]
[PlyCount "103"]
[EventDate "2010.??.??"]
[WhiteTeam "FRA"]
[BlackTeam "USA"]

1. d4 d5 2. c4 dxc4 3. Nf3 e6 4. e3 a6 5. a4 Nf6 6. Bxc4 c5 7. O-O Nc6 8. Qe2
Be7 9. Rd1 Qb6 10. Nc3 O-O 11. Ne5 cxd4 12. Nxc6 Qxc6 13. Rxd4 Bc5 14. Rh4 b6
15. e4 Bb7 16. Be3 Bxe3 17. fxe3 Qc5 18. Rf1 Qe5 19. Qf3 Rac8 20. Be2 Rfd8 21.
Qf4 Rc5 22. Qxe5 Rxe5 23. Rhf4 Rd2 24. Rd1 Rxd1+ 25. Bxd1 Nxe4 26. Nxe4 Rxe4
27. Kf2 Rxf4+ 28. exf4 a5 29. g3 Kf8 30. Ke3 Ke7 31. Bc2 h5 32. Kd4 Kd6 33. Kc4
Ba6+ 34. Kd4 f6 35. Be4 Be2 36. Bg6 Bf3 37. Be8 e5+ 38. fxe5+ fxe5+ 39. Ke3 Bc6
40. Bxc6 Kxc6 41. Ke4 Kd6 42. Ke3 Kd5 43. Kd3 g5 44. Ke3 e4 45. Ke2 g4 46. Ke3
Ke5 47. Ke2 Kd4 48. Kd2 e3+ 49. Ke2 Ke4 50. Ke1 Kd3 51. Kd1 e2+ 52. Ke1 0-1

[Event "NATO Chess Championship 2010"]
[Site "Koege"]
[Date "2010.10.19"]
[Round "2.34"]
[White "Koopmeiners, Karl"]
[Black "Vercauteren, Daniël"]
[Result "1-0"]
[WhiteElo "2011"]
[BlackElo "1689"]
[PlyCount "63"]
[EventDate "2010.??.??"]
[WhiteTeam "NATO"]
[BlackTeam "BEL"]

1. d4 Nf6 2. c4 e6 3. Nf3 b6 4. g3 Bb7 5. Bg2 d5 6. cxd5 Bxd5 7. O-O Bd6 8. Nc3
Bb7 9. Qc2 Nbd7 10. e4 e5 11. Rd1 Qe7 12. Be3 O-O 13. Rac1 Rac8 14. a3 Rfe8 15.
d5 c6 16. Qb1 cxd5 17. exd5 Bc5 18. Bxc5 Nxc5 19. b4 Ncd7 20. Ng5 Ba8 21. d6
Qd8 22. Bxa8 Rxa8 23. Nd5 h6 24. Ne7+ Kh8 25. Nf3 Rxe7 26. dxe7 Qxe7 27. Rc7
Qe6 28. Kg2 Nd5 29. Rcc1 f5 30. Nh4 Ne7 31. Qd3 Nf6 32. Qd6 1-0

[Event "NATO Chess Championship 2010"]
[Site "Koege"]
[Date "2010.10.19"]
[Round "2.36"]
[White "Geröly, József"]
[Black "Galloway, James"]
[Result "1-0"]
[WhiteElo "1982"]
[BlackElo "1624"]
[PlyCount "99"]
[EventDate "2010.??.??"]
[WhiteTeam "HUN"]
[BlackTeam "NATO"]

1. Nf3 d5 2. g3 Nf6 3. Bg2 c6 4. O-O Bf5 5. d3 e6 6. a3 h6 7. b4 Bd6 8. Bb2
Nbd7 9. Nbd2 O-O 10. c4 a6 11. Re1 Re8 12. e4 Bg6 13. e5 Nxe5 14. Bxe5 Bxd3 15.
Bxd6 Qxd6 16. Ne5 Bf5 17. Nb3 Nd7 18. c5 Qe7 19. Nxd7 Qxd7 20. Nd2 e5 21. f3
Re7 22. Qb3 Rae8 23. Rad1 Qe6 24. Re2 Qg6 25. Nf1 d4 26. g4 Be6 27. Qb1 Qf6 28.
Ng3 Bd5 29. Nf5 Qe6 30. Nd6 Rd8 31. Rxd4 Qf6 32. Qf5 Qxf5 33. Nxf5 Re6 34. Rdd2
Rde8 35. Nd6 R8e7 36. Re3 b5 37. Kf2 Kf8 38. Bf1 g6 39. Bd3 Kg7 40. Be4 Bxe4
41. Rxe4 f6 42. Rde2 a5 43. f4 Ra7 44. fxe5 axb4 45. axb4 Ra4 46. exf6+ Rxf6+
47. Kg2 Rf8 48. h4 Raa8 49. g5 hxg5 50. hxg5 1-0

[Event "NATO Chess Championship 2010"]
[Site "Koege"]
[Date "2010.10.19"]
[Round "2.38"]
[White "Stone, Stephen"]
[Black "Parisse, Denis"]
[Result "0-1"]
[WhiteElo "1600"]
[BlackElo "1960"]
[PlyCount "78"]
[EventDate "2010.??.??"]
[WhiteTeam "CAN"]
[BlackTeam "NATO"]

1. e4 e6 2. Nf3 d5 3. e5 c5 4. d4 cxd4 5. Qxd4 Nc6 6. Qf4 Qc7 7. Bd3 Nge7 8.
O-O Ng6 9. Bxg6 hxg6 10. Re1 Nb4 11. Na3 a6 12. Re2 Be7 13. Qg3 Nc6 14. b3 Qa5
15. Nb1 Rh5 16. Bb2 Bd7 17. Nbd2 O-O-O 18. c4 Kb8 19. cxd5 Qxd5 20. Nc4 Qb5 21.
Rd1 Na5 22. Nd4 Qd5 23. Ne3 Qb5 24. Rc2 Qb6 25. Rcd2 Bh4 26. Qf4 Be8 27. Nf3
Rxd2 28. Rxd2 Be7 29. Rc2 Qd8 30. g4 Rh8 31. b4 g5 32. Nxg5 Bxg5 33. Qg3 Bxe3
34. Qxe3 Qd1+ 35. Kg2 Qxc2 36. bxa5 Qxb2 37. Qg5 Bc6+ 38. Kg3 Qc3+ 39. Kf4 Qf3#
0-1

[Event "NATO Chess Championship 2010"]
[Site "Koege"]
[Date "2010.10.19"]
[Round "3.1"]
[White "Pedersen, Finn"]
[Black "Olteán, Gusztáv"]
[Result "1-0"]
[WhiteElo "2292"]
[BlackElo "2152"]
[PlyCount "123"]
[EventDate "2010.??.??"]
[WhiteTeam "DEN"]
[BlackTeam "HUN"]

1. Nf3 Nf6 2. c4 g6 3. b3 Bg7 4. Bb2 O-O 5. g3 d6 6. d4 Nfd7 7. Bg2 Nc6 8. O-O
e5 9. dxe5 Ndxe5 10. Nxe5 dxe5 11. Nc3 Qxd1 12. Raxd1 Nd4 13. e3 Ne6 14. Ba3
Re8 15. Nd5 Kh8 16. Rd2 c6 17. Nc3 f5 18. Rfd1 e4 19. Ne2 Ng5 20. Rd8 Be6 21.
Rxa8 Rxa8 22. Nf4 Bg8 23. h4 Ne6 24. Nxe6 Bxe6 25. Bc5 Kg8 26. f3 exf3 27. Bxf3
Be5 28. Kf2 Kf7 29. e4 a6 30. exf5 Bxf5 31. g4 Be6 32. Bd6 Bxd6 33. Rxd6 Ke7
34. c5 a5 35. Rd4 a4 36. Rxa4 Rxa4 37. bxa4 Bxa2 38. Ke3 Ke6 39. Kd4 Bb3 40. a5
Ba4 41. Be2 Bb3 42. Bf3 Ba4 43. Be4 Bb5 44. Bc2 Be2 45. Be4 Bb5 46. g5 Bf1 47.
Bc2 Bb5 48. Bb3+ Kf5 49. Bg8 Kg4 50. Ke5 Kxh4 51. Kf6 Bd3 52. Bxh7 Kh5 53. Bg8
Bb5 54. Bb3 Bd3 55. Bd1+ Kh4 56. Bf3 Kg3 57. Bd1 Kh4 58. Ba4 Kg4 59. a6 bxa6
60. Bxc6 Bf5 61. Be8 Kh5 62. c6 1-0

[Event "NATO Chess Championship 2010"]
[Site "Koege"]
[Date "2010.10.19"]
[Round "3.2"]
[White "Goksel, Doga Cihan"]
[Black "Bucholtz, Robert"]
[Result "1-0"]
[WhiteElo "2264"]
[BlackElo "2139"]
[PlyCount "49"]
[EventDate "2010.??.??"]
[WhiteTeam "TUR"]
[BlackTeam "USA"]

1. Nf3 Nf6 2. d4 d5 3. c4 dxc4 4. e3 a6 5. a4 e6 6. Bxc4 c5 7. O-O Nc6 8. Qe2
Be7 9. Rd1 Qb6 10. Nc3 O-O 11. dxc5 Bxc5 12. h3 Na5 13. Bd3 Nb3 14. a5 Qc7 15.
Ra4 Bd7 16. Rh4 Nxc1 17. Rxc1 Qxa5 18. e4 e5 19. Nd5 Rfe8 20. Ng5 Be7 21. Nxe7+
Rxe7 22. Nxh7 Re6 23. Bc4 Rc6 24. Nxf6+ gxf6 25. Qh5 1-0

[Event "NATO Chess Championship 2010"]
[Site "Koege"]
[Date "2010.10.19"]
[Round "3.3"]
[White "Ozkan, Ervin"]
[Black "Kiss, József István"]
[Result "1-0"]
[WhiteElo "2220"]
[BlackElo "2105"]
[PlyCount "67"]
[EventDate "2010.??.??"]
[WhiteTeam "TUR"]
[BlackTeam "HUN"]

1. d4 d5 2. Bf4 Nf6 3. e3 Bg4 4. f3 Bh5 5. c4 c6 6. Qb3 Qb6 7. Nd2 Qxb3 8. axb3
e6 9. c5 Bg6 10. h3 Nbd7 11. b4 a6 12. Nb3 Be7 13. Ne2 Nh5 14. Bh2 Bd3 15. Nbc1
Bb5 16. g4 Nhf6 17. Bg2 O-O 18. Nc3 Rfe8 19. Kd2 Rec8 20. Nb3 Bd8 21. Rhe1 Ne8
22. Bg3 Bc7 23. Bxc7 Nxc7 24. e4 e5 25. exd5 exd4 26. Nxd4 Nxd5 27. Nxd5 cxd5
28. Re7 Re8 29. Rxe8+ Rxe8 30. Nxb5 axb5 31. Ra7 Ne5 32. Rxb7 Nc4+ 33. Kd3 Kf8
34. f4 1-0

[Event "NATO Chess Championship 2010"]
[Site "Koege"]
[Date "2010.10.19"]
[Round "3.4"]
[White "Giua, Frédéric"]
[Black "Ranario, Dan"]
[Result "1-0"]
[WhiteElo "2188"]
[BlackElo "2070"]
[PlyCount "123"]
[EventDate "2010.??.??"]
[WhiteTeam "FRA"]
[BlackTeam "USA"]

1. Nf3 Nf6 2. c4 e6 3. Nc3 d5 4. d4 c6 5. cxd5 exd5 6. Bg5 Be7 7. e3 O-O 8. Bd3
h6 9. Bxf6 Bxf6 10. Qc2 Re8 11. O-O Bg4 12. Nd2 Nd7 13. b4 Rc8 14. Bh7+ Kh8 15.
Bf5 Bxf5 16. Qxf5 Qe7 17. b5 Qe6 18. Qf3 Nf8 19. bxc6 bxc6 20. Rab1 Rb8 21. Qg3
Rxb1 22. Rxb1 c5 23. Nb5 Rd8 24. dxc5 d4 25. exd4 Qxa2 26. Qd3 Ne6 27. Nb3 Nxd4
28. N5xd4 Bxd4 29. Nxd4 Qd5 30. c6 Qxc6 31. Nxc6 Rxd3 32. Nxa7 Rd6 33. Nb5 Rd7
34. g3 g6 35. Kg2 Kg7 36. Rc1 Rd5 37. Nc3 Rd7 38. h4 h5 39. Ne4 Re7 40. Kf3 Ra7
41. Rc4 Ra3+ 42. Kf4 Ra7 43. Ke5 Re7+ 44. Kd6 Re6+ 45. Kd5 Re7 46. Nd6 Re2 47.
Rf4 f5 48. Nxf5+ gxf5 49. Rxf5 Kg6 50. Rg5+ Kf6 51. f4 Re3 52. Kd4 Ra3 53. Ke4
Rb3 54. f5 Ra3 55. Rg6+ Kf7 56. Kf4 Rb3 57. Re6 Ra3 58. Re3 Ra8 59. Kg5 Rh8 60.
Ra3 Ke7 61. f6+ Ke6 62. Re3+ 1-0

[Event "NATO Chess Championship 2010"]
[Site "Koege"]
[Date "2010.10.19"]
[Round "3.5"]
[White "Schenk, Andreas"]
[Black "Bieluszewski, Piotr"]
[Result "1-0"]
[WhiteElo "2519"]
[BlackElo "2153"]
[PlyCount "127"]
[EventDate "2010.??.??"]
[WhiteTeam "GER"]
[BlackTeam "POL"]

1. d4 d5 2. c4 c6 3. Nf3 Nf6 4. e3 Bg4 5. h3 Bh5 6. Nc3 e6 7. g4 Bg6 8. Ne5
Nbd7 9. h4 dxc4 10. Nxg6 hxg6 11. g5 Nd5 12. Bxc4 N7b6 13. Bf1 Bb4 14. Bd2 Qe7
15. a3 Nxc3 16. bxc3 Ba5 17. f4 O-O-O 18. Qb3 Kb8 19. Bg2 Ka8 20. Be4 Rh7 21.
Ke2 Rhh8 22. Be1 Qc7 23. Rc1 Rd6 24. Bg3 Qe7 25. Kf2 Qd8 26. Kg2 Rd7 27. Bf3
Re7 28. Rhd1 f5 29. c4 Rd7 30. Bf2 Rf8 31. Rb1 Qc7 32. Qc2 Nc8 33. Qa4 Ne7 34.
Rb3 Rc8 35. Rdb1 Qd8 36. R3b2 Kb8 37. Qc2 Ka8 38. Qb3 Qc7 39. Rh1 Rh8 40. Rbb1
Qc8 41. Rhd1 Rhd8 42. Rb2 Qc7 43. Kg3 Qc8 44. Rbb1 Bc7 45. Rbc1 Bb8 46. Qb2 Qc7
47. Kg2 Qb6 48. Qc3 Qc7 49. Rb1 a6 50. Qc2 Nc8 51. Be1 Nd6 52. Bb4 Ba7 53. Qc3
Rc8 54. a4 Rh8 55. Ba3 Qc8 56. Kg3 Rf7 57. Qc2 Qd7 58. Rd2 Rc8 59. Qd3 Re7 60.
Rdb2 Rb8 61. Rb3 Ree8 62. Qc2 Rec8 63. Qg2 e5 64. dxe5 1-0

[Event "NATO Chess Championship 2010"]
[Site "Koege"]
[Date "2010.10.19"]
[Round "3.6"]
[White "Nielsen, Rene Ole"]
[Black "Drabke, Lorenz"]
[Result "0-1"]
[WhiteElo "2158"]
[BlackElo "2435"]
[PlyCount "60"]
[EventDate "2010.??.??"]

1. e4 c5 2. c3 Nf6 3. e5 Nd5 4. d4 cxd4 5. Nf3 e6 6. Bc4 d6 7. cxd4 Nc6 8. O-O
Be7 9. Qe2 O-O 10. Qe4 Bd7 11. Bxd5 exd5 12. Qxd5 Nb4 13. Qe4 d5 14. Qe2 Bf5
15. Ne1 Nxa2 16. Nd3 Qa5 17. Be3 Nc1 18. Rxc1 Qxa1 19. Nf4 Qa5 20. Nc3 Rfd8 21.
Qf3 Be6 22. Nh5 Kh8 23. Qg3 Rg8 24. Bg5 Bxg5 25. Qxg5 Rac8 26. Nf4 Qb4 27.
Nfxd5 Bxd5 28. Nxd5 Qxd4 29. Ne7 Rxc1+ 30. Qxc1 Rd8 0-1

[Event "NATO Chess Championship 2010"]
[Site "Koege"]
[Date "2010.10.19"]
[Round "3.7"]
[White "Helbig, Mark"]
[Black "Redman, Michael"]
[Result "1-0"]
[WhiteElo "2366"]
[BlackElo "2152"]
[PlyCount "134"]
[EventDate "2010.??.??"]
[WhiteTeam "GER"]
[BlackTeam "UK"]

1. d4 Nf6 2. c4 g6 3. Nf3 Bg7 4. g3 O-O 5. Bg2 d6 6. O-O Nbd7 7. Nc3 Re8 8. e4
e5 9. Re1 exd4 10. Nxd4 Nc5 11. h3 Bd7 12. Rb1 Qc8 13. Kh2 a5 14. b3 Ne6 15.
Be3 Nc5 16. Qc2 h5 17. f3 c6 18. Rbd1 Qc7 19. Nde2 Rad8 20. Bf4 Bc8 21. Qd2 Bf8
22. Qd4 Qe7 23. Qf2 Ne6 24. Be3 Bg7 25. Bb6 Rd7 26. Bxa5 h4 27. g4 g5 28. Bb6
Nh7 29. Be3 Nhf8 30. Kh1 Ng6 31. Nd4 Nxd4 32. Bxd4 Be5 33. Ne2 Qf6 34. Rd2 Red8
35. Red1 Nf4 36. Nxf4 Qxf4 37. Bf1 Qf6 38. Be2 Qe7 39. Qe3 Bf4 40. Qc3 Bxd2 41.
Rxd2 Qe6 42. Bf6 Rf8 43. Bxg5 f6 44. Bxh4 Qe5 45. Qxe5 dxe5 46. Rxd7 Bxd7 47.
a4 Kf7 48. Kg2 Ra8 49. Be1 Be6 50. a5 Rd8 51. h4 Kg6 52. Kf2 Kg7 53. Ke3 Kg6
54. Bd3 c5 55. Kd2 Ra8 56. Ke3 b6 57. axb6 Ra6 58. b4 Rxb6 59. bxc5 Rb2 60. Bd2
Bd7 61. Ke2 Ba4 62. h5+ Kg7 63. Ke3 Kh6 64. Bc1 Ra2 65. f4 Bd7 66. fxe5 fxe5
67. Kf3+ Kh7 1-0

[Event "NATO Chess Championship 2010"]
[Site "Koege"]
[Date "2010.10.19"]
[Round "3.8"]
[White "Wantiez, Fabrice"]
[Black "Kersic, Matej"]
[Result "1-0"]
[WhiteElo "2327"]
[BlackElo "2139"]
[PlyCount "81"]
[EventDate "2010.??.??"]
[WhiteTeam "BEL"]
[BlackTeam "SLO"]

1. e4 c5 2. Nf3 Nc6 3. d4 cxd4 4. Nxd4 Qb6 5. Nb3 Nf6 6. Nc3 e6 7. a3 a6 8. Qf3
Qc7 9. Be3 d6 10. Qg3 b5 11. Bd3 Be7 12. h4 O-O 13. h5 Kh8 14. h6 g6 15. O-O
Ne5 16. Rad1 Bb7 17. f3 Rac8 18. Qf2 Nfd7 19. g4 Kg8 20. Qg3 Nxd3 21. cxd3 d5
22. f4 dxe4 23. dxe4 Nc5 24. Nxc5 Bxc5 25. Bxc5 Qxc5+ 26. Qf2 Qxf2+ 27. Kxf2
Rfd8 28. Ke3 Kf8 29. g5 Ke7 30. Rxd8 Rxd8 31. Rd1 Rc8 32. Rd4 Rc5 33. e5 Bd5
34. Kd2 a5 35. b4 axb4 36. axb4 Rxc3 37. Kxc3 Kd7 38. Rd1 Kc6 39. Kd4 Kb6 40.
f5 gxf5 41. Rg1 1-0

[Event "NATO Chess Championship 2010"]
[Site "Koege"]
[Date "2010.10.19"]
[Round "3.9"]
[White "Andersen, Hans-Christoph"]
[Black "Franck, Boris"]
[Result "1/2-1/2"]
[WhiteElo "2205"]
[BlackElo "2105"]
[PlyCount "54"]
[EventDate "2010.??.??"]
[WhiteTeam "GER"]
[BlackTeam "FRA"]

1. d4 g6 2. c4 Bg7 3. Nc3 d6 4. e4 e5 5. dxe5 dxe5 6. Qxd8+ Kxd8 7. Be3 Nd7 8.
g3 c6 9. O-O-O Kc7 10. f4 Bh6 11. Nf3 exf4 12. Bxf4+ Bxf4+ 13. gxf4 Nh6 14. Ng5
Nc5 15. e5 Ne6 16. Nxe6+ Bxe6 17. Be2 Nf5 18. b3 Rad8 19. Rxd8 Rxd8 20. Rd1 Nd4
21. Bf1 Bg4 22. Rd2 Ne6 23. Ne4 Rxd2 24. Kxd2 Nxf4 25. Ng5 Ne6 26. Nxh7 Bf5 27.
Bd3 Bxd3 1/2-1/2

[Event "NATO Chess Championship 2010"]
[Site "Koege"]
[Date "2010.10.19"]
[Round "3.10"]
[White "Kapral, Krzysztof"]
[Black "Mestek, Igor"]
[Result "1/2-1/2"]
[WhiteElo "2127"]
[BlackElo "2199"]
[PlyCount "24"]
[EventDate "2010.??.??"]
[WhiteTeam "POL"]
[BlackTeam "SLO"]

1. d4 d5 2. Nf3 Nf6 3. c4 dxc4 4. g3 b5 5. Bg2 Bb7 6. a4 a6 7. Na3 e6 8. Bd2
Bxa3 9. Rxa3 Nbd7 10. b3 O-O 11. bxc4 bxc4 12. O-O Rb8 1/2-1/2

[Event "NATO Chess Championship 2010"]
[Site "Koege"]
[Date "2010.10.19"]
[Round "3.11"]
[White "Narman, Gökhan"]
[Black "van Rijn, Wouter"]
[Result "0-1"]
[WhiteElo "2065"]
[BlackElo "2179"]
[PlyCount "122"]
[EventDate "2010.??.??"]
[WhiteTeam "TUR"]
[BlackTeam "NED"]

1. d4 Nf6 2. c4 e6 3. Nf3 d5 4. g3 Be7 5. Bg2 O-O 6. O-O c6 7. Qc2 dxc4 8. Qxc4
b5 9. Qc2 Bb7 10. Rd1 Qb6 11. Ne5 Rd8 12. e3 c5 13. dxc5 Rxd1+ 14. Qxd1 Bxc5
15. Nc3 Bxg2 16. Kxg2 Nc6 17. Nxc6 Qxc6+ 18. Qf3 Qxf3+ 19. Kxf3 a6 20. a3 Rd8
21. b4 Be7 22. Bb2 Rd2 23. Nd1 Nd5 24. Bd4 f5 25. Rc1 Kf7 26. Nc3 Nf6 27. h3 g5
28. g4 h5 29. gxh5 g4+ 30. hxg4 Nxg4 31. Ne4 Ra2 32. Rc7 Ke8 33. Rc8+ Kd7 34.
Rg8 Rxa3 35. Rxg4 fxg4+ 36. Kxg4 Bf8 37. Kg5 a5 38. h6 Bxh6+ 39. Kxh6 axb4 40.
Kg5 b3 41. Kf6 b4 42. Nc5+ Kd6 43. Nd3 Kd5 44. f4 Kc4 45. Nb2+ Kd5 46. Kg5 Ra1
47. Kg4 Rf1 48. Kg3 Ke4 49. Kg2 Rxf4 50. Nc4 Rf8 51. Nd2+ Kd5 52. Nxb3 e5 53.
Bb2 Rc8 54. Kf3 Rc2 55. e4+ Kc4 56. Na5+ Kb5 57. Bxe5 Kxa5 58. Bd4 Kb5 59. e5
Kc4 60. Ke4 Re2+ 61. Kf3 Kd3 0-1

[Event "NATO Chess Championship 2010"]
[Site "Koege"]
[Date "2010.10.19"]
[Round "3.12"]
[White "Schott, Guido"]
[Black "Keough, Robert"]
[Result "1-0"]
[WhiteElo "2174"]
[BlackElo "2114"]
[PlyCount "121"]
[EventDate "2010.??.??"]
[WhiteTeam "GER"]
[BlackTeam "USA"]

1. Nf3 Nf6 2. g3 d6 3. d4 g6 4. Bg2 Bg7 5. O-O O-O 6. c4 Nfd7 7. Nc3 Nc6 8. Be3
e5 9. Rc1 f5 10. dxe5 dxe5 11. Ng5 Nf6 12. Nd5 h6 13. Nh3 Kh7 14. f3 Be6 15.
Bc5 Rf7 16. e4 Bf8 17. Be3 Nd7 18. exf5 gxf5 19. f4 e4 20. Qh5 Kg7 21. Bxe4
fxe4 22. f5 Bxd5 23. cxd5 Nce5 24. Nf4 Kg8 25. Ne6 Qf6 26. Bd4 Bd6 27. Rf4 Kh8
28. Rg4 Rg8 29. Rxg8+ Kxg8 30. Rf1 Nf8 31. Rf4 Kh8 32. Kg2 Nh7 33. Rxe4 Qxf5
34. Qxf5 Rxf5 35. g4 Ng5 36. Nxg5 Rxg5 37. h4 Rxg4+ 38. Rxg4 Kh7 39. Re4 Nd3
40. a3 Nf4+ 41. Kf3 Ng6 42. Kg4 Ne7 43. Re6 Nxd5 44. h5 Ne7 45. Bxa7 Nc6 46.
Be3 Bf8 47. b4 Bg7 48. b5 Ne5+ 49. Kf5 Nc4 50. Re7 Kg8 51. Bf4 Bf8 52. Rxc7
Nxa3 53. Rxb7 Nc2 54. Kg6 Nb4 55. Rb8 Nd3 56. Bxh6 Ne5+ 57. Kf5 Nd7 58. Rxf8+
Kh7 59. Rf7+ Kxh6 60. Rxd7 Kxh5 61. Rh7# 1-0

[Event "NATO Chess Championship 2010"]
[Site "Koege"]
[Date "2010.10.19"]
[Round "3.13"]
[White "Wagenaar, Harm Theo"]
[Black "Skindzier, Saturnin"]
[Result "1/2-1/2"]
[WhiteElo "2072"]
[BlackElo "2173"]
[PlyCount "49"]
[EventDate "2010.??.??"]
[WhiteTeam "NED"]
[BlackTeam "POL"]

1. d4 Nf6 2. Nf3 e6 3. e3 b6 4. Bd3 Bb7 5. O-O Be7 6. c4 c5 7. Nc3 O-O 8. d5 d6
9. e4 e5 10. Ne2 Na6 11. Ng3 Bc8 12. h3 Nc7 13. Qc2 a6 14. a4 Rb8 15. Bd2 Nfe8
16. Nf5 g6 17. Nxe7+ Qxe7 18. Nh2 Bd7 19. f4 f6 20. fxe5 dxe5 21. Rf2 Nd6 22.
g4 Rf7 23. Raf1 a5 24. b3 Na6 25. Qc1 1/2-1/2

[Event "NATO Chess Championship 2010"]
[Site "Koege"]
[Date "2010.10.19"]
[Round "3.14"]
[White "Kedzierski, Slawomir"]
[Black "Alaslar, Devrim"]
[Result "1/2-1/2"]
[WhiteElo "2102"]
[BlackElo "2167"]
[PlyCount "34"]
[EventDate "2010.??.??"]
[WhiteTeam "NATO"]
[BlackTeam "TUR"]

1. Nf3 d6 2. d4 f5 3. c4 Nf6 4. Nc3 g6 5. g3 Bg7 6. Bg2 O-O 7. O-O Qe8 8. d5 a5
9. Nd4 Na6 10. Be3 h6 11. f3 Bd7 12. Rc1 c6 13. Qd2 g5 14. Bf2 Nc5 15. b3 Qh5
16. Rfd1 Rab8 17. Qc2 cxd5 1/2-1/2

[Event "NATO Chess Championship 2010"]
[Site "Koege"]
[Date "2010.10.19"]
[Round "3.15"]
[White "Lustig, Mickael"]
[Black "Sypien, Mateusz"]
[Result "0-1"]
[WhiteElo "2027"]
[BlackElo "2265"]
[PlyCount "112"]
[EventDate "2010.??.??"]
[WhiteTeam "NATO"]
[BlackTeam "POL"]

1. e4 c5 2. Ne2 Nc6 3. Nbc3 g6 4. g3 Bg7 5. Bg2 d6 6. d3 e6 7. Rb1 Nge7 8. Bg5
Rb8 9. O-O O-O 10. Qd2 Nd4 11. Nxd4 cxd4 12. Ne2 Qc7 13. c3 Nc6 14. Rfc1 dxc3
15. bxc3 b6 16. Bh6 Bxh6 17. Qxh6 Ba6 18. Nf4 Rfc8 19. h4 Ne5 20. d4 Nd3 21.
Nxd3 Bxd3 22. Rb4 b5 23. h5 Qe7 24. hxg6 hxg6 25. Qd2 Bc4 26. Rcb1 Qc7 27. Bf1
a5 28. R4b2 Re8 29. Rc2 Kg7 30. Qf4 e5 31. dxe5 dxe5 32. Qg5 Bxf1 33. Rxf1 Rh8
34. Kg2 Rh5 35. Qe3 Qd7 36. Rcc1 Qh3+ 37. Kf3 Rh4 38. Qg5 Rf4+ 39. Ke3 f6 40.
Rh1 Qxh1 41. Rxh1 fxg5 42. gxf4 gxf4+ 43. Ke2 Rc8 44. Rb1 Rc5 45. a4 bxa4 46.
Kd3 Kf6 47. Ra1 g5 48. Rxa4 g4 49. c4 Kg5 50. Ra1 g3 51. f3 Rc7 52. Rxa5 g2 53.
Ra8 Rg7 54. Ra1 Kh4 55. Rg1 Kg3 56. Ke2 Rc7 0-1

[Event "NATO Chess Championship 2010"]
[Site "Koege"]
[Date "2010.10.19"]
[Round "3.16"]
[White "Demjén, Attila"]
[Black "Rosenkilde, Alexander"]
[Result "1/2-1/2"]
[WhiteElo "2026"]
[BlackElo "2206"]
[PlyCount "53"]
[EventDate "2010.??.??"]
[WhiteTeam "HUN"]
[BlackTeam "DEN"]

1. e4 c5 2. c3 d5 3. exd5 Qxd5 4. d4 Nc6 5. Nf3 Bg4 6. Be2 cxd4 7. cxd4 e6 8.
O-O Nf6 9. h3 Bh5 10. Nc3 Qa5 11. Be3 Bd6 12. Qb3 Qb4 13. Qxb4 Nxb4 14. g4 Bg6
15. Bb5+ Ke7 16. Bg5 Rhd8 17. Ne5 Rac8 18. Rfc1 a6 19. Bf1 Bb8 20. a3 Nc6 21.
Nxc6+ Rxc6 22. Bg2 Rb6 23. b4 h6 24. Be3 Nd5 25. Na4 Rbd6 26. Nc5 Rb6 27. Na4
1/2-1/2

[Event "NATO Chess Championship 2010"]
[Site "Koege"]
[Date "2010.10.19"]
[Round "3.17"]
[White "Jauk, Wilhelm"]
[Black "Adkins, James"]
[Result "1-0"]
[WhiteElo "2168"]
[BlackElo "2022"]
[PlyCount "59"]
[EventDate "2010.??.??"]
[WhiteTeam "GER"]
[BlackTeam "USA"]

1. d4 g6 2. Nf3 Nf6 3. c4 d6 4. Nc3 Bg7 5. e4 O-O 6. Be2 Bg4 7. O-O Nc6 8. Be3
Bxf3 9. Bxf3 e5 10. d5 Ne7 11. c5 b6 12. cxd6 cxd6 13. Rc1 Qd7 14. Be2 Rfc8 15.
Ba6 Rc7 16. f3 Ne8 17. Qb3 f5 18. Qb4 Kh8 19. Bb5 Qd8 20. Bxe8 Qxe8 21. Qxd6
Rd8 22. Qb4 Bf8 23. Qa4 Nc8 24. exf5 gxf5 25. f4 exf4 26. Bd4+ Bg7 27. Bxg7+
Kxg7 28. Qxf4 Nd6 29. Rce1 Qg6 30. Re6 1-0

[Event "NATO Chess Championship 2010"]
[Site "Koege"]
[Date "2010.10.19"]
[Round "3.18"]
[White "Nilsson, Erik"]
[Black "Koopmeiners, Karl"]
[Result "0-1"]
[WhiteElo "2149"]
[BlackElo "2011"]
[PlyCount "58"]
[EventDate "2010.??.??"]
[WhiteTeam "DEN"]
[BlackTeam "NATO"]

1. d4 d5 2. c4 c6 3. Nf3 Nf6 4. Qc2 e6 5. cxd5 exd5 6. Bg5 Be7 7. Nc3 Nbd7 8.
e3 O-O 9. Bd3 Re8 10. O-O Nf8 11. Bxf6 Bxf6 12. b4 a6 13. a4 Bg4 14. Nd2 Be7
15. Rfb1 Bd6 16. Nf1 Qg5 17. Be2 Bh3 18. Bf3 Ng6 19. Qd1 Nh4 20. g3 Nxf3+ 21.
Qxf3 Bg4 22. Qg2 Qf5 23. f4 Bh3 24. Qd2 h5 25. Nd1 Qg6 26. Nf2 Bf5 27. Rb3 h4
28. Qe2 hxg3 29. Nxg3 Bh3 0-1